| 000 | 00756nam a22002297a 4500 | ||
|---|---|---|---|
| 005 | 20170124110100.0 | ||
| 010 | _a400174 | ||
| 020 | _c15.00 | ||
| 035 | _a400174 | ||
| 037 | _bCen Lib/Ret | ||
| 040 |
_aDPL _bEN |
||
| 082 |
_a954.52 _bSIN |
||
| 100 |
_aSinha, Pradip _927010 |
||
| 245 |
_aNinteenth century Bengal : _cby Pradip Sinha _baspects of social history / |
||
| 260 |
_bFirma K.L. Mukhopadhyay _aCalcutta _c1965 |
||
| 270 |
_a6/A1 banchara , ankur lane _bCalcutta |
||
| 300 |
_aviii, 203p. _c21cm(Hb) |
||
| 500 | _aIncludes appendix, bibliographical references and index | ||
| 650 |
_aPartition of Bengal (India : 1947) _973741 |
||
| 650 |
_aIndia. Army. Bengal Artillery _973742 |
||
| 942 |
_2ddc _cEN _h954.52 _mSIN |
||
| 999 |
_c129647 _d129647 |
||